| 000 | 00382nam a2200169Ia 4500 | ||
|---|---|---|---|
| 005 | 20250703161516.0 | ||
| 008 | 240331s9999 xx 000 0 und d | ||
| 020 | _a9559095005 | ||
| 082 |
_bDES _a891 |
||
| 100 | _aDe Silva,A | ||
| 245 | 0 | _aSunimal | |
| 250 | _a2nd | ||
| 260 |
_aColombo _bS. Godage & Brothers _c1999 |
||
| 300 | _a110 p ., | ||
| 650 | _aYoung Novel | ||
| 942 | _cL | ||
| 999 |
_c4861 _d4861 |
||